Quiz sur l'Islande - Statistiques

Statistiques générales
  • Ce quiz a été pris 6 766 fois
  • Le résultat moyen est 11 sur 20
Statistiques - réponses
Question Réponse % Correct
Langue officielle Islandais
97%
Capitale et plus grande ville Reykjavik
96%
Peuple qui a colonisé l'Islande, alors inhabitée, à partir de l'an 874 Vikings
85%
Pays auquel l'Islande appartenait jusqu'en 1918 Danemark
84%
Évènement à l'occasion duquel 10% de la population islandaise s'est rendue en France durant l'été 2016 Euro 2016
81%
Pays qui possédait l'Islande de 1262 à 1814 Norvège
72%
Devise monétaire Couronne
60%
Le hákarl est un plat traditionnel islandais à base de chair de... Requin
60%
Par habitant, l'Islande mange plus de ce type d'animal que n'importe quel autre pays, sauf les Maldives Poisson
59%
Courant océanique qui rend l'Islande plus chaude qu'elle ne devrait être {Gulf} Stream
57%
Île qui a été colonisée par Erik le Rouge à la fin du Xème siècle Groenland
55%
30% de l'électricité islandaise provient de ce type de centrales Géothermiques
39%
Branche du protestantisme suivie par l'Église d'Islande Luthéranisme
39%
Chanteuse islandaise ayant vendu 20 millions de disques dans le monde B{jörk}
38%
Écosystème polaire qui recouvre 63% du pays Toundra
37%
L'Althing, fondé en 930, est le plus ancien _____ du monde, créé presque 300 ans avant son équivalent anglais Parlement
31%
Mot en quatre lettres désignant une épopée traditionnelle de ce peuple Saga
27%
Volcan dont l'éruption a interrompu le traffic aérien en 2010 Eyjafjöll
22%
Relief principalement océanique qui traverse l'Islande {Dorsale} médio-atlantique
20%
Fils de ce dernier qui créa la colonie de Vinland au Canada Leif Erikson
20%
Aucun quiz correspondant
Distribution des résultats
% des personnes avec chaque résultat
Percentile par nombre de réponses
Votre historique - résultats
Vous n’avez pas pris ce quiz